000
00288nam a22001097a 4500
082
_a
663.61 STE'C
100
_a
FRANCIS WILFRID DR,STEWART REMINGTON JOHN
_9
58307
245
_a
THE COMPOSITION AND ASSAYING OF MINERALS
260
_a
LONDON
_b
TECHNICAL
_c
1952
300
_a
127P
942
_c
BK
999
_c
568503
_d
568503